Quizzes
Events
Quiz Creation
Community
Videos
Private Events
Remove Ads
Sign In
Join for FREE
Feedback
Dark Mode
Quiz Categories
Sports
Geography
Music
Movies
Television
Just For Fun
Miscellaneous
History
Literature
Language
Science
Gaming
Entertainment
Religion
Holiday
For Kids
Quiz Lab
Recent
Popular Today
Quiz Kudos Today
Editor Picks
Curator Picks
Quizzes by...
Day
Popularity
Type
Ratings
Length
Year
Community
Subscriptions
Recent Discussions
Orange Saloon
Badges
Playlists
Quests
Create
Leaderboards
Showdown
Live 5
Trivia Bingo
Activity
Puzzle Library
Sporcle Events
Private Events
Virtual Trivia
Globe League
Become a Host
Pub Owners
SporcleCon
Opinionation
Our Games
Videos
Blog
Mobile Apps
Partnerships
Remove Ads and Go Orange
Feedback
Sports
Athletes
MLB
NBA
NHL
NFL
Soccer
Sports Teams
WWE
NCAA
Football
Premier League
Basketball
Baseball
Hockey
Golf
Tennis
Cricket
Rugby
Auto Racing
Olympics
World Cup
Sports
Athletes
MLB
NBA
NHL
NFL
Soccer
Sports Teams
WWE
NCAA
Football
Premier League
Basketball
Baseball
Hockey
Golf
Tennis
Cricket
Rugby
Auto Racing
Olympics
World Cup
Random Quiz
Search Sporcle
×
Quiz Lab
Quiz Lab
Sports
NCAA
Type in answers that appear in a list
Type in answers that appear in a list
Classic
Best Score? Go Orange.
Biggest NCAA Tournament Upsets Stats
Can you name the biggest NCAA tournament upsets?
By
vvp317
6m
29 Questions
356 Plays
356 Plays
356 Plays
Comments
Comments
Give Quiz Kudos
Give Quiz Kudos
-
- Ratings
hide this ad
More Info
Random Order
Randomize order of answers
Randomize order of answers
Replay
Link that replays current quiz
Next Quiz
Link to next quiz in quiz playlist
You Got
0%
They Got
Avg Score
63%
Avg Friend Score
Upgrade to see
Score Distribution
Jump to the score distribution portion of the page
Score
0/29
Timer
06:00
0
Plays Today
Winner
Loser
% Correct
#13 Bradley, 77
#4 Kansas, 73
90.7%
#14 Bucknell, 64
#3 Kansas, 63
90.7%
#14 Weber State, 76
#3 North Carolina, 74
89%
#8 Villanova, 66*
#1 Georgetown, 64
82.6%
#10 Davidson, 74
#2 Georgetown, 70
82.6%
#13 San Diego, 70
#4 UCONN, 69 (OT)
81.7%
#11 George Mason, 86
#1 UCONN, 84
81.7%
#10 North Carolina St, 65
#2 UCONN, 62
81.7%
#9 UAB, 76
#1 Kentucky, 75
77.8%
#15 Richmond, 73
#2 Syracuse, 69
77.5%
#13 Princeton, 43
#4 UCLA, 41
74.2%
#15 Santa Clara, 64
#2 Arizona, 61
70.8%
#15 Hampton, 58
#2 Iowa State, 57
66.3%
#14 Cleveland State, 83
#3 Indiana, 79
63.5%
#13 Richmond, 72
#4 Indiana, 69
63.5%
Winner
Loser
% Correct
#6 NC State, 54*
#1 Houston, 52
62.1%
#13 Cleveland State, 84
#4 Wake Forest, 69
53.1%
#10 Auburn, 68
#2 Wake Forest, 62
53.1%
#14 Siena, 80
#3 Stanford, 78
52.2%
#8 Alabama, 70
#1 Stanford, 67
52.2%
#13 Indiana State, 70
#4 Oklahoma, 68 (OT)
50.8%
#13 Valparaiso, 70
#4 Mississippi, 69
48.6%
#13 UNC-
Wilmington, 93
#4 USC, 89 (OT)
48.3%
#14 Austin Peay, 68
#3 Illinois, 67
47.8%
#15 Coppin State, 78
#2 South Carolina, 65
42.1%
#10 Nevada, 91
#2 Gonzaga, 72
40.7%
#14 Arkansas-
Little Rock, 90
#3 Notre Dame, 83
38.2%
#14 Northern Iowa, 74
#3 Missouri, 71
38.2%
#13 Southern, 93
#4 Georgia Tech, 78
37.1%
Quiz Playlist
Details
Report
Send in Message
Add To Playlist
More Info:
*Denotes Championship Game
Classic:
Type in answers that appear in a list
Random Order:
Randomize order of answers
Quiz Source
Last Updated: Feb 16, 2017
Quiz Scoreboard
CHALLENGE
Sign Up to Join the Scoreboard
Show All
Scores
Hide
Comments
May contain spoilers
Recently Published
An Introduction to Baseball
by treessimontrees
Sports
5m
Movies - When Are They Set?
by FPL_Elf
Movies
5m
Popular People in 1961
by mucciniale
History
6m
More to Explore
Quiz From the Vault
Featured Blog Post
Where Did the Easter Bunny Come From?
hide this ad
You Might Also Like...
Tags
NCAA Quiz
biggest
Loser
Tournament
upset
Winner
Today's Top Quizzes in Sports
Browse Sports
hide this ad
Today's Top Quizzes in NCAA
Browse NCAA
Top Contributed Quizzes in Sports
1
Les meilleurs buteurs des matchs entre le PSG et l’OM
2
2022 World Cup Stars
3
FIFA Club World Cup Champions
4
Les entraîneurs de l'OM et du PSG au 21e siècle
5
Name the Premier League winners with different clubs
6
La finale Lions - Afrique du Sud 2021
7
Criteria MLB: Left Handed Sluggers
8
Les joueurs passés par le LOSC et le RC Lens
9
Players with Multiple 50 Home Run Seasons
10
MLB Players with Two .350 Batting Average Seasons
Explore More
Trending Topics
Anime
Kpop
Disney
Crossword
Harry Potter
Marvel
NBA
The Office
WWE
Pokémon
NFL
Soccer
Puzzle
Country
Song
hide this ad
More By:
vvp317
Quiz
Plays
Rating
Category
Featured
Created
Biggest NCAA Tournament Upsets
356
4.20
Sports
Mar 16, 2010
Famous Irish-Americans
177
4.50
Just For Fun
Mar 17, 2010
Go to Creator's Profile
Score Distribution
Quiz Creator Spotlight
vvp317
Follow
Send a Message
Quizzes Created
-
Created Quiz Play Count
-
More By This Creator
Popular Quizzes Today
1
Find the Countries of Europe - No Outlines Minefield
2
Find the US States - No Outlines Minefield
3
The Countries of the World
4
Popular People in 1961
5
US States
6
1-10 Letter E Words III
7
Find the US States
8
One Thing in Common: World Cities II
More Sports Quizzes
100+ Points for England in Rugby Union
Quiz Lab
Trending Quizzes
Risky Map Clicking: Least Populous States A-Z
1-10 Letter F Words
1-10 Letter G Words
One Thing in Common: United Kingdom
Risky Map Clicking: Next State Alphabetically
Recently Updated
Leaping Animals
pecheneg
Reality TV Shows (A-Z)
bhenderson79
Rickey Henderson's Hall of Fame Teammates
pecheneg
Champions League XIs: Arsenal
pecheneg
Quick Pick: Celebrities in WWE's Hall of Fame
aduchscher
A-Z Keypad Blitz II
pecheneg
Multiple Oscar Actors
pecheneg
Mystery Phrase Blitz: Oscar 'Best Actors'
pecheneg
F. Scott Fitzgerald Novels
LTH
Pick 3 Villains
ddd62291
Trending Topics
NBA
Harry Potter
Anime
Kpop
Marvel
Crossword
Disney
Country
Puzzle
The Office
Soccer
Pokémon
NFL
Song
WWE
Your Account Isn't Verified!
In order to create a playlist on Sporcle, you need to verify the email address you used during registration. Go to your
Sporcle Settings
to finish the process.
Report this User
Report this user for behavior that violates our
Community Guidelines
.
Details:
Send Report
Go to the Sporcle.com Mobile Site →
Comments